LEADER 02378oam 2200685 450 001 9910707105903321 005 20180129092453.0 035 $a(CKB)5470000002462444 035 $a(OCoLC)681150246$z(OCoLC)622801785 035 $a(EXLCZ)995470000002462444 100 $a20101112d2000 ua 0 101 0 $aeng 135 $aurbn||||||||| 181 $ctxt$2rdacontent 182 $cc$2rdamedia 183 $acr$2rdacarrier 200 10$aEstimating the number of tree species in forest populations using current vegetation survey and forest inventory and analysis approximation plots and grid intensities /$fHans T. Schreuder, Jin-Mann S. Lin, John Teply 210 1$aFort Collins, CO :$cUnited States Department of Agriculture, Forest Service, Rocky Mountain Research Station,$d2000. 215 $a1 online resource (7 pages) 225 1 $aResearch note RMRS ;$vRN-8 300 $a"October 2000." 320 $aIncludes bibliographical references (page 7). 606 $aTrees$zUnited States 606 $aNumbers of species$zUnited States 606 $aForest biodiversity$zUnited States 606 $aVegetation surveys$zUnited States 606 $aForest surveys$zUnited States 606 $aForest biodiversity$2fast 606 $aForest surveys$2fast 606 $aNumbers of species$2fast 606 $aTrees$2fast 606 $aVegetation surveys$2fast 607 $aUnited States$2fast 615 0$aTrees 615 0$aNumbers of species 615 0$aForest biodiversity 615 0$aVegetation surveys 615 0$aForest surveys 615 7$aForest biodiversity. 615 7$aForest surveys. 615 7$aNumbers of species. 615 7$aTrees. 615 7$aVegetation surveys. 700 $aSchreuder$b Hans T.$01399259 702 $aLin$b Jin-Mann S. 702 $aTeply$b John 712 02$aRocky Mountain Research Station (Fort Collins, Colo.), 801 0$bOCLCE 801 1$bOCLCE 801 2$bOCLCQ 801 2$bOCLCF 801 2$bOCLCQ 801 2$bOCLCO 801 2$bOCLCQ 801 2$bMOU 801 2$bGPO 906 $aBOOK 912 $a9910707105903321 996 $aEstimating the number of tree species in forest populations using current vegetation survey and forest inventory and analysis approximation plots and grid intensities$93545795 997 $aUNINA LEADER 03015oas 2201225 a 450 001 9910131301803321 005 20251105213014.0 011 $a1432-0673 035 $a(DE-599)ZDB1458447-5 035 $a(DE-599)1458447-5 035 $a(OCoLC)41171548 035 $a(CONSER) 2003251127 035 $a(CKB)954925381021 035 $a(EXLCZ)99954925381021 100 $a19990415a19579999 sy a 101 0 $aeng 135 $aurcnu|||||||| 181 $ctxt$2rdacontent 182 $cc$2rdamedia 183 $acr$2rdacarrier 200 10$aArchive for rational mechanics and analysis 210 $aBerlin ;$aHeidelberg $cSpringer-Verlag 300 $aRefereed/Peer-reviewed 311 08$a0003-9527 606 $aMechanics, Analytic$vPeriodicals 606 $aMathematical physics$vPeriodicals 606 $aMe?canique analytique$vPe?riodiques 606 $aPhysique mathe?matique$vPe?riodiques 606 $aMechanics$2ebps 606 $aMathematical physics$2fast$3(OCoLC)fst01012104 606 $aMechanics, Analytic$2fast$3(OCoLC)fst01013485 606 $aMechanik$2gnd 606 $aTheoretische Mechanik$2gnd 606 $aKontinuumsmechanik$2gnd 606 $aMathematische Physik$2gnd 606 $aZeitschrift$2gnd 606 $aOnline-Ressource$2gnd 606 $aAnalysis$2gnd 608 $aPeriodicals.$2fast 608 $aZeitschrift$2swd 608 $aOnline-Publikation$2swd 615 0$aMechanics, Analytic 615 0$aMathematical physics 615 6$aMe?canique analytique 615 6$aPhysique mathe?matique 615 7$aMechanics. 615 7$aMathematical physics. 615 7$aMechanics, Analytic. 615 7$aMechanik 615 7$aTheoretische Mechanik 615 7$aKontinuumsmechanik 615 7$aMathematische Physik 615 7$aZeitschrift. 615 7$aOnline-Ressource 615 7$aAnalysis 676 $a531.05 801 0$bDLM 801 1$bDLM 801 2$bOCL 801 2$bOH1 801 2$bOCL 801 2$bOCLCQ 801 2$bUMC 801 2$bOCLCQ 801 2$bMUQ 801 2$bHNK 801 2$bOCLCQ 801 2$bOCL 801 2$bOCLCQ 801 2$bUKMGB 801 2$bOCLCQ 801 2$bOCLCO 801 2$bBUF 801 2$bOCLCF 801 2$bOCLCO 801 2$bOCLCQ 801 2$bDEFHM 801 2$bOCLCO 801 2$bOCLCA 801 2$bWT2 801 2$bDLC 801 2$bAU@ 801 2$bOCLCO 801 2$bVT2 801 2$bNJT 801 2$bOCLCE 801 2$bLGG 801 2$bUAB 801 2$bLIP 801 2$bOCLCQ 801 2$bOCLCO 801 2$bUKSSU 801 2$bUK7LJ 801 2$bSRU 801 2$bOCLCO 801 2$bLDP 801 2$bOCLCO 801 2$bS2H 801 2$bOCLCQ 801 2$bOCLCA 801 2$bOCLCQ 906 $aJOURNAL 912 $a9910131301803321 996 $aArchive for rational mechanics and analysis$9104902 997 $aUNINA